Guess the One Direction song with no hints #15 - Statistics

General Stats
  • This quiz has been taken 68 times
  • The average score is 217 of 285
Answer Stats
Answer % Correct
I
100%
(I
100%
I)
100%
you
100%
a
95%
me
93%
me,
93%
my
93%
to
93%
when
93%
your
93%
and
90%
And
90%
(And
90%
you're
90%
For
88%
for
88%
who
88%
be
86%
don't
86%
are
81%
are)
81%
I'm
81%
can
79%
that
79%
can't
76%
If
76%
it,
76%
it)
76%
we're
76%
could
74%
heart
74%
heart)
74%
just
74%
know
74%
Know
74%
of
74%
they
74%
I've
71%
But
69%
Cause
69%
down
69%
Give
69%
got
69%
I'd
69%
now,
69%
Now
69%
now
69%
(Now
69%
back
67%
feel
64%
forget
64%
(Forget
64%
let
64%
been
62%
everything,
62%
from
62%
here
62%
lonely
62%
mine
62%
right
62%
Right
62%
thing
62%
think
62%
up
62%
eyes
60%
fly
60%
guard
60%
home
60%
only,
60%
only
60%
only)
60%
out
60%
show
60%
(Show
60%
time
60%
apart
57%
coming
57%
Even
57%
going
57%
missing
57%
run
57%
half
55%
hope
55%
Hope
55%
listen
55%
seen
55%
always
52%
ask
52%
might
52%
mind
52%
scars
52%
though
52%
attention,
50%
gets
50%
Pay
50%
completely
48%
hard
48%
inside
48%
defenceless
45%
wasting
43%
pain
33%
No matching quizzes found
Score Distribution
Percent of People with Each Score
Percentile by Number Answered
Your Score History
You have not taken this quiz